[Event "Marcussi Memorial"]
[Site "?"]
[Date "1996.??.??"]
[Round "?"]
[White "Krantz Kjell Erik"]
[Black "Johnson Maurice W"]
[Result "0-1"]
[WhiteElo "2520"]
[BlackElo "2615"]
[PlyCount "92"]
[EventDate "1996.??.??"]
[Source "www.chesslib.no"]
[SourceDate "2004.05.04"]

1. d4 f5 2. e4 fxe4 3. Nc3 Nf6 4. f3 d5 5. fxe4 dxe4 6. Bg5 Bf5 7. Nge2 e6 8. Ng3 Be7 9. Bb5+ c6 10. Bc4 Nbd7 11. Qe2 Qb6 12. Nxf5 exf5 13. O-O-O h5 14. Be6 g6 15. Bxd7+ Kxd7 16. d5 cxd5 17. Bxf6 Bxf6 18. Qc4 Rhc8 19. Qxd5+ Ke7 20. Qd7+ Kf8 21. Rd6 Bg5+ 22. Kb1 Rc6 23. Nxe4 Rd8 24. Rxc6 bxc6 25. Qe6 Qd4 26. Nc3 Qd6 27. Qc4 Bf6 28. a3 Rb8 29. Ka2 Kg7 30. g3 Bxc3 31. Qxc3+ Qf6 32. Rd1 Qxc3 33. bxc3 Rf8 34. Kb3 g5 35. Kc4 Kg6 36. Kc5 Rf6 37. Rg1 f4 38. gxf4 g4 39. a4 Kf5 40. a5 h4 41. a6 Kxf4 42. Rf1+ Kg5 43. Rh1 g3 44. h3 Rg6 45. Rg1 Kf4 46. Rf1+ Ke3 0-1

[Event "Politiken, Copenhagen DEN"]
[Site "?"]
[Date "1996.??.??"]
[Round "?"]
[White "Hansen, LB."]
[Black "Pedersen, St"]
[Result "1-0"]
[WhiteElo "2565"]
[BlackElo "2405"]
[PlyCount "84"]
[EventDate "1996.??.??"]
[Source "www.chesslib.no"]
[SourceDate "2004.05.04"]

1. d4 f5 2. e4 fxe4 3. Nc3 Nf6 4. f3 d5 5. Bg5 Nc6 6. fxe4 dxe4 7. Bb5 Qd6 8. Qd2 a6 9. Bxc6+ Qxc6 10. Nge2 Bg4 11. h3 Bh5 12. d5 Qd6 13. Nf4 Bf7 14. O-O-O O-O-O 15. Qe3 h6 16. Ne6 hxg5 17. Qa7 Kd7 18. Qxb7 Qb6 19. Nxd8 Kxd8 20. Qa8+ Kd7 21. Na4 Qb5 22. Rd4 g6 23. Qa7 Bg7 24. Rc4 Nxd5 25. Rd1 Be5 26. Nc5+ Kc6 27. Nb3+ Kd6 28. Qxc7+ Ke6 29. Nc5+ Kf5 30. g4+ Kf6 31. Nxe4+ Kg7 32. Qxe5+ Nf6 33. Qxb5 axb5 34. Rb4 Rxh3 35. Nxf6 exf6 36. Rxb5 Rf3 37. Rb7 f5 38. gxf5 Rxf5 39. a3 g4 40. Rg1 Rf4 41. Rb4 Rxb4 42. axb4 Be6 1-0

[Event "Moscow Alekhine op"]
[Site "Moscow"]
[Date "1996.??.??"]
[Round "7"]
[White "Rashkovsky, Nukhim N"]
[Black "Kobalija, Mihail"]
[Result "1/2-1/2"]
[WhiteElo "2505"]
[BlackElo "2425"]
[PlyCount "31"]
[EventDate "1996.??.??"]
[Source "www.chesslib.no"]
[SourceDate "2004.05.04"]

1. d4 f5 2. e4 fxe4 3. Nc3 Nf6 4. g4 h6 5. f3 d5 6. h3 Nc6 7. Bf4 e6 8. Qd2 Bd6 9. Bxd6 Qxd6 10. O-O-O exf3 11. Nxf3 Ne4 12. Nxe4 dxe4 13. Nh4 g5 14. Ng2 Bd7 15. Ne3 O-O-O 16. h4 1/2-1/2

[Event "14. Open"]
[Site "?"]
[Date "2005.08.17"]
[Round "7"]
[White "Karayannis Athanasios"]
[Black "Dzhumaev Marat"]
[Result "1-0"]
[WhiteElo "2387"]
[BlackElo "2531"]
[PlyCount "109"]
[EventDate "2005.??.??"]
[Source "www.chesslib.no"]
[SourceDate "2004.05.04"]

1. d4 f5 2. e4 fxe4 3. Nc3 Nf6 4. g4 d5 5. g5 Ng8 6. f3 exf3 7. Qxf3 e6 8. Bd3 Ne7 9. Nge2 g6 10. O-O Nf5 11. Bxf5 gxf5 12. Qh5+ Kd7 13. Nf4 Qe8 14. Qf3 Kd8 15. Re1 Qf7 16. Kh1 Nc6 17. Be3 Bd7 18. Bf2 Bg7 19. Rad1 a5 20. Na4 b6 21. c4 Ne7 22. b3 Re8 23. c5 b5 24. c6 Nxc6 25. Nc5 Bf8 26. Rc1 Bxc5 27. Rxc5 Ne7 28. Nd3 Ng6 29. h4 h5 30. Bg3 c6 31. Ne5 Nxe5 32. Bxe5 Qg6 33. Bf6+ Kc8 34. Rec1 Kb7 35. Qf4 e5 36. Bxe5 Qe6 37. Kh2 a4 38. b4 a3 39. R1c3 Ra4 40. Rb3 Qf7 41. Kg3 Re6 42. Rcc3 Qf8 43. Rc5 Qf7 44. Qc1 f4+ 45. Qxf4 Qg6 46. Rcc3 Re8 47. Rf3 Be6 48. Kh2 Qe4 49. Rf2 Qe1 50. Bd6 Bg4 51. Qf7+ Ka6 52. Bc5 Ra8 53. g6 Be6 54. Qf4 Rg8 55. Re3 1-0

[Event "Hlohovec op"]
[Site "Hlohovec"]
[Date "1998.??.??"]
[Round "5"]
[White "Timoscenko, Genadij"]
[Black "Gazik, Igor"]
[Result "1-0"]
[WhiteElo "2520"]
[BlackElo "2380"]
[PlyCount "59"]
[EventDate "1998.??.??"]
[Source "www.chesslib.no"]
[SourceDate "2004.05.04"]

1. d4 f5 2. e4 fxe4 3. Nc3 g6 4. Nxe4 Bg7 5. Nf3 d5 6. Nc5 Nh6 7. Bf4 Nf7 8. Qe2 O-O 9. O-O-O Nc6 10. Ne6 Bxe6 11. Qxe6 Kh8 12. Bg3 Nh6 13. c3 Rf6 14. Qe1 Nf7 15. Bb5 Na5 16. Qe2 Rb6 17. Bd3 Rc8 18. Ne5 Qe8 19. h4 c5 20. h5 g5 21. Bg6 Qa4 22. Bxf7 Bf6 23. Bxd5 cxd4 24. Ng6+ hxg6 25. hxg6+ Kg7 26. Rh7+ Kf8 27. g7+ Bxg7 28. Rxg7 Rxc3+ 29. Kb1 Rxb2+ 30. Kxb2 1-0

[Event "Corr"]
[Site "?"]
[Date "2000.08.02"]
[Round "?"]
[White "Britten Daniel Roberto"]
[Black "Hedrera Marcelo Ernesto"]
[Result "1-0"]
[WhiteElo "2440"]
[BlackElo "2447"]
[PlyCount "59"]
[EventDate "2000.??.??"]
[Source "www.chesslib.no"]
[SourceDate "2004.05.04"]

1. d4 f5 2. e4 fxe4 3. Nc3 Nf6 4. f3 d5 5. fxe4 dxe4 6. Bg5 Bf5 7. Bc4 Qd7 8. Nge2 e6 9. Bxf6 gxf6 10. d5 e5 11. Ng3 Bg4 12. Be2 Bxe2 13. Qxe2 Qf7 14. Ngxe4 Nd7 15. Nb5 O-O-O 16. Nxa7+ Kb8 17. Nc6+ bxc6 18. dxc6 Qd5 19. cxd7 f5 20. Nc3 Qxd7 21. Rd1 Bd6 22. Qc4 Rhg8 23. O-O Rg4 24. Qb3+ Kc8 25. Qd5 Rb4 26. a3 Rb6 27. b4 Kb8 28. Qb3 f4 29. Ne4 Qf5 30. Rfe1 1-0

[Event "Moscow RUS"]
[Site "?"]
[Date "2001.??.??"]
[Round "2"]
[White "Ageichenko Genadi A"]
[Black "Rychagov Andrey"]
[Result "0-1"]
[WhiteElo "2346"]
[BlackElo "2525"]
[PlyCount "69"]
[EventDate "2001.??.??"]
[Source "www.chesslib.no"]
[SourceDate "2004.05.04"]

1. d4 f5 2. e4 fxe4 3. Nc3 Nf6 4. f3 exf3 5. Nxf3 e6 6. Bg5 Be7 7. Qd2 b6 8. Bc4 d5 9. Bb5+ c6 10. Bd3 O-O 11. O-O-O c5 12. Rhe1 Nc6 13. Bb5 Nxd4 14. Nxd4 cxd4 15. Qxd4 h6 16. Bf4 a6 17. Bc6 Bc5 18. Qd3 Ra7 19. Ba4 Ng4 20. Bg3 Qg5+ 21. Kb1 Ne3 22. Rc1 Nxg2 23. Re5 Nf4 24. Bxf4 Qxf4 25. Re2 Qf5 26. Qg3 Qg5 27. Qd3 Raf7 28. Bb3 Rf1 29. Nd1 R8f3 30. Qd2 Qxd2 31. Rxd2 b5 32. c3 Be7 33. Rcc2 Bd7 34. Rd4 Bf6 35. Rdd2 0-1

[Event "Groningen thema"]
[Site "Groningen"]
[Date "1996.??.??"]
[Round "1"]
[White "Ligterink, Gert"]
[Black "Hoeksema, Hendrik Pieter"]
[Result "0-1"]
[WhiteElo "2450"]
[BlackElo "2410"]
[PlyCount "44"]
[EventDate "1996.08.??"]
[Source "www.chesslib.no"]
[SourceDate "2004.05.04"]

1. d4 f5 2. e4 fxe4 3. Nc3 Nf6 4. f3 d5 5. fxe4 dxe4 6. Bg5 Bf5 7. Bc4 Nc6 8. Nge2 e6 9. O-O Na5 10. Bb5+ c6 11. Ba4 b5 12. Bxf6 gxf6 13. Rxf5 exf5 14. Ng3 h5 15. Nxf5 bxa4 16. Nxe4 Qc7 17. Nxf6+ Kd8 18. Qe1 Kc8 19. b4 Qf7 20. bxa5 Qxf6 21. Qe8+ Kc7 22. Qxa8 Bc5 0-1

[Event "Staunton IM Group, Groningen NED"]
[Site "Groningen"]
[Date "1996.??.??"]
[Round "?"]
[White "Ligterink, G."]
[Black "Van Mil, J."]
[Result "1-0"]
[WhiteElo "2450"]
[BlackElo "2405"]
[PlyCount "81"]
[EventDate "1996.??.??"]
[Source "www.chesslib.no"]
[SourceDate "2004.05.04"]

1. d4 f5 2. e4 fxe4 3. Nc3 Nf6 4. g4 h6 5. f3 d5 6. h3 Nc6 7. fxe4 dxe4 8. Be3 e5 9. dxe5 Nxe5 10. Qxd8+ Kxd8 11. O-O-O+ Bd7 12. Bg2 Nc4 13. Bd4 Bd6 14. Nge2 Re8 15. Bxf6+ gxf6 16. Bxe4 Bc5 17. Nd4 Nd6 18. Bg2 Re3 19. Nd5 Bxd4 20. Rxd4 Re2 21. Nf4 Rf2 22. Re1 f5 23. c4 fxg4 24. hxg4 a5 25. c5 Nb5 26. Ne6+ Kc8 27. c6 bxc6 28. Rxd7 Rxg2 29. Nc5 Kb8 30. a4 Rxg4 31. Ne4 Na7 32. b3 Kb7 33. Nd6+ Kb6 34. Nc4+ Kc5 35. Re5+ Kb4 36. Kb2 Rg2+ 37. Nd2 Rg4 38. Rxc7 Rd8 39. Rb7+ Nb5 40. Rexb5+ cxb5 41. Rxb5# 1-0

[Event "SS Luleå - Västerås ÖSK/SA"]
[Site "?"]
[Date "2001.01.20"]
[Round "6"]
[White "Eriksson Johan"]
[Black "Astrom Robert"]
[Result "0-1"]
[WhiteElo "2387"]
[BlackElo "2468"]
[PlyCount "66"]
[EventDate "2001.??.??"]
[Source "www.chesslib.no"]
[SourceDate "2004.05.04"]

1. d4 f5 2. e4 fxe4 3. Nc3 Nf6 4. f3 d5 5. fxe4 dxe4 6. Bg5 Bf5 7. Bc4 e6 8. g4 Bg6 9. Bxe6 Bb4 10. Nge2 Qe7 11. Nf4 c6 12. O-O Na6 13. d5 Nc7 14. Nxg6 hxg6 15. Bxf6 gxf6 16. Nxe4 Nxd5 17. Bxd5 O-O-O 18. Qf3 Rxd5 19. Rad1 f5 20. Nf2 Re5 21. Rd3 Bc5 22. Kg2 Re2 23. gxf5 Rf8 24. f6 Rxf6 25. Qg4+ Rf5 26. Rf3 Qg5 27. Qxg5 Rxg5+ 28. Kh3 Re6 29. Rf4 Re3+ 30. Kh4 Be7 31. Rf8+ Kc7 32. Rf4 Rh5+ 33. Kg4 Rh4# 0-1

[Event "Balatonbereny op"]
[Site "?"]
[Date "1986.??.??"]
[Round "1"]
[White "Szabolcsi Janos"]
[Black "Barbero Gerardo F"]
[Result "0-1"]
[WhiteElo "2335"]
[BlackElo "2520"]
[PlyCount "60"]
[EventDate "1986.??.??"]
[Source "www.chesslib.no"]
[SourceDate "2004.05.04"]

1. d4 f5 2. e4 fxe4 3. Nc3 Nf6 4. f3 d5 5. fxe4 dxe4 6. Bg5 Bf5 7. Qd2 e6 8. h3 Nc6 9. O-O-O Qd7 10. g4 Bg6 11. Bg2 O-O-O 12. Nge2 Be7 13. Be3 h6 14. Ng3 Bb4 15. Kb1 Nd5 16. Ngxe4 Bxe4 17. Bxe4 Bxc3 18. bxc3 Na5 19. Qd3 Nxe3 20. Qxe3 Nc4 21. Qc1 Qb5+ 22. Ka1 Qa5 23. Rd3 Rd6 24. Rf3 Rhd8 25. Rh2 Ra6 26. Qb1 Rb6 27. Qc1 c5 28. dxc5 Ra6 29. Bxb7+ Kxb7 30. Rf7+ Kc8 0-1

[Event "ESP-ch"]
[Site "?"]
[Date "1993.??.??"]
[Round "9"]
[White "Gomez Esteban, Juan Mario"]
[Black "De la Riva, Oscar"]
[Result "1/2-1/2"]
[WhiteElo "2450"]
[BlackElo "2400"]
[PlyCount "61"]
[EventDate "1993.??.??"]
[Source "www.chesslib.no"]
[SourceDate "2004.05.04"]

1. d4 f5 2. e4 fxe4 3. Nc3 Nf6 4. g4 h6 5. f3 d5 6. h3 Be6 7. fxe4 dxe4 8. Bg2 Nc6 9. Nge2 Qd7 10. Na4 b6 11. b3 O-O-O 12. Bb2 Bf7 13. O-O Qe8 14. c4 Nxd4 15. Nxd4 e5 16. g5 hxg5 17. Rxf6 Bh5 18. Qf1 Rxd4 19. Qf5+ Kb8 20. Re6 Qd7 21. Bxd4 Qxd4+ 22. Kh2 Qxa1 23. Qxe4 Kc8 24. c5 Qd4 25. Qb7+ Kd8 26. Qa8+ Kd7 27. Qc6+ Kd8 28. Qa8+ Kd7 29. Qc6+ Kd8 30. Qa8+ Kd7 31. Qc6+ 1/2-1/2

[Event "Makarska"]
[Site "Makarska"]
[Date "1994.??.??"]
[Round "?"]
[White "Ivanda, Branko"]
[Black "Kovacevic, Vlatko"]
[Result "1/2-1/2"]
[WhiteElo "2320"]
[BlackElo "2485"]
[PlyCount "51"]
[EventDate "1994.06.??"]
[Source "www.chesslib.no"]
[SourceDate "2004.05.04"]

1. d4 f5 2. e4 fxe4 3. Nc3 Nf6 4. f3 Nc6 5. fxe4 e5 6. Nf3 exd4 7. Nxd4 Bb4 8. Bc4 Qe7 9. O-O Nxd4 10. e5 Bxc3 11. bxc3 Ne6 12. exf6 Qc5+ 13. Kh1 gxf6 14. Qg4 b5 15. Bxe6 dxe6 16. Qg7 Qf8 17. Qxc7 Bd7 18. Bg5 Rc8 19. Qb7 Qc5 20. Bxf6 Rg8 21. Bd4 Qc6 22. Qxc6 Bxc6 23. Rf2 a6 24. h3 Bd5 25. Kh2 h5 26. a4 1/2-1/2

[Event "IV Campionato UE"]
[Site "Liverpool ING"]
[Date "2008.09.12"]
[Round "4"]
[White "Carleton, J."]
[Black "Meijers, V."]
[Result "0-1"]
[WhiteElo "2305"]
[BlackElo "2496"]
[PlyCount "66"]
[EventDate "2008.09.09"]
[Source "www.chesslib.no"]
[SourceDate "2004.05.04"]

1. d4 f5 2. e4 fxe4 3. Nc3 Nf6 4. f3 d5 5. fxe4 dxe4 6. Bg5 Bg4 7. Nge2 Nbd7 8. h3 Bh5 9. g4 Bf7 10. Qd2 h6 11. Bf4 Nb6 12. Ng3 Nbd5 13. Nxd5 Bxd5 14. Rg1 Qd7 15. c4 Bf7 16. O-O-O b5 17. d5 bxc4 18. Bxc4 c6 19. Kb1 Bxd5 20. Qc3 Qe6 21. b3 g6 22. Ne2 Bxc4 23. Nd4 Bd3+ 24. Rxd3 Qd7 25. Rdd1 Nd5 26. Qg3 Bg7 27. Be5 Bf6 28. Rc1 Rc8 29. h4 c5 30. g5 hxg5 31. hxg5 Rh3 32. Rh1 Rxg3 33. gxf6 Rh3 0-1

[Event "7th Stage Russian Cup, Togliatty RUS"]
[Site "?"]
[Date "2001.??.??"]
[Round "2"]
[White "Najer, E."]
[Black "Kharashkina, B."]
[Result "1-0"]
[WhiteElo "2595"]
[BlackElo "2185"]
[PlyCount "43"]
[EventDate "2001.??.??"]
[Source "www.chesslib.no"]
[SourceDate "2004.05.04"]

1. d4 f5 2. e4 fxe4 3. Nc3 Nf6 4. g4 d5 5. g5 Ng8 6. f3 e3 7. Bxe3 Bf5 8. Nge2 Nc6 9. Nf4 Nb4 10. Bb5+ c6 11. Ba4 e6 12. Qe2 a5 13. a3 Na6 14. Bb3 Bd6 15. O-O-O Qc7 16. Qd2 b5 17. Ne4 dxe4 18. fxe4 Bg4 19. e5 Be7 20. Nxe6 Qd7 21. Nxg7+ Kd8 22. d5 1-0

[Event "Corr"]
[Site "?"]
[Date "1995.11.15"]
[Round "?"]
[White "Zeihser Michael"]
[Black "Voetter Hans Dieter Dr"]
[Result "0-1"]
[WhiteElo "2420"]
[BlackElo "2350"]
[PlyCount "112"]
[EventDate "1995.??.??"]
[Source "www.chesslib.no"]
[SourceDate "2004.05.04"]

1. d4 f5 2. e4 fxe4 3. Nc3 Nf6 4. f3 d5 5. fxe4 dxe4 6. Bg5 Bf5 7. Bc4 Nc6 8. Nge2 e6 9. O-O Qd7 10. Bxf6 gxf6 11. d5 O-O-O 12. dxe6 Qe7 13. Qe1 Qc5+ 14. Kh1 Qxc4 15. Rxf5 Qxe6 16. Qf1 Bg7 17. Rf4 f5 18. Rxf5 Rhf8 19. Rxf8 Rxf8 20. Nf4 Qf5 21. g3 h5 22. Re1 h4 23. Nxe4 hxg3 24. hxg3 Rh8+ 25. Kg2 Qh7 26. Qc4 Qh2+ 27. Kf1 Bd4 28. Qd3 Bb6 29. Qd5 Kb8 30. c3 Re8 31. Ne6 Qh3+ 32. Ke2 Qxe6 33. Qxe6 Rxe6 34. Kf3 Ne5+ 35. Kg2 Nc4 36. Rh1 Kc8 37. Kf3 Nxb2 38. g4 Kd7 39. g5 Nc4 40. Rh6 Ne5+ 41. Kf4 Nd3+ 42. Kf3 Ke7 43. Rh7+ Kf8 44. Nf6 Re7 45. Rh8+ Kf7 46. Rh7+ Ke6 47. Rxe7+ Kxe7 48. Ke4 Nc1 49. a3 c6 50. Kf5 Ne2 51. Ne4 Ba5 52. c4 Bc7 53. Nc5 b5 54. cxb5 cxb5 55. Ke4 Bd6 56. Kd5 Nc3+ 0-1

[Event "Corr"]
[Site "?"]
[Date "1995.11.15"]
[Round "?"]
[White "Kiupel Steffen (GER)"]
[Black "Mathes Werner (GER)"]
[Result "1/2-1/2"]
[WhiteElo "2370"]
[BlackElo "2390"]
[PlyCount "102"]
[EventDate "1995.??.??"]
[Source "www.chesslib.no"]
[SourceDate "2004.05.04"]

1. d4 f5 2. e4 fxe4 3. c4 e6 4. Nc3 Nf6 5. Qb3 Nc6 6. d5 exd5 7. cxd5 Nd4 8. Qa4 Bb4 9. Bd2 O-O 10. O-O-O c5 11. d6 Qb6 12. Be3 Qxd6 13. Nb5 Qc6 14. Kb1 a6 15. Bxd4 cxd4 16. Qxb4 axb5 17. Rxd4 Qe6 18. a3 Ra4 19. Qd6 Rxd4 20. Qxd4 d6 21. h3 Qb3 22. Ne2 Be6 23. Nc1 Qd5 24. Qe3 b4 25. axb4 Qd1 26. g4 Ra8 27. Bc4 Qxh1 28. Bxe6+ Kh8 29. g5 Ng8 30. Qf4 Qe1 31. Bf5 d5 32. Qh4 h6 33. Qh5 Ra6 34. b5 Rd6 35. gxh6 Rxh6 36. Qe8 Qxf2 37. Be6 Rxe6 38. Qxe6 Qd4 39. b6 e3 40. Qg4 Qxg4 41. hxg4 Kh7 42. Kc2 Kg6 43. Kd3 Kg5 44. Kxe3 Kxg4 45. Nb3 g5 46. Nc5 Ne7 47. Kd4 Kf4 48. Nxb7 Nc8 49. Kxd5 g4 50. Nc5 Nxb6+ 51. Kd4 g3 1/2-1/2

[Event "Moscow7"]
[Site "Moscow"]
[Date "1995.??.??"]
[Round "?"]
[White "Belozerov, Andrei"]
[Black "Annakov, Babakuli"]
[Result "1/2-1/2"]
[WhiteElo "2325"]
[BlackElo "2420"]
[PlyCount "99"]
[EventDate "1995.??.??"]
[Source "www.chesslib.no"]
[SourceDate "2004.05.04"]

1. d4 f5 2. e4 fxe4 3. Nc3 Nf6 4. f3 d5 5. fxe4 dxe4 6. Bg5 Nc6 7. Bb5 Bd7 8. Nge2 Na5 9. Nf4 c6 10. Nxe4 Qb6 11. Bxf6 gxf6 12. Qh5+ Kd8 13. Bd3 e5 14. O-O-O exf4 15. Nxf6 Be7 16. Qe5 Rf8 17. Nxd7 Kxd7 18. Bf5+ Ke8 19. Rhe1 Qxb2+ 20. Kxb2 Nc4+ 21. Kb3 Nxe5 22. Rxe5 Rf7 23. Rd3 Kf8 24. Be4 Rd8 25. c3 Rd6 26. Rh3 h6 27. a4 Bg5 28. Rf3 Kg7 29. Kc4 Rdd7 30. Re6 Rfe7 31. Rxe7+ Rxe7 32. Kd3 Rd7 33. Rf1 Rf7 34. Rb1 Bd8 35. c4 Kf6 36. Re1 Rd7 37. Rf1 Bc7 38. g3 Kg5 39. gxf4+ Bxf4 40. Rg1+ Kf6 41. Rf1 Kg5 42. h3 Bc7 43. Rf8 Rg7 44. d5 cxd5 45. cxd5 Kh4 46. Bf5 Rg3+ 47. Kd4 Rf3 48. Rf7 Bg3 49. a5 Kg5 50. Be6 1/2-1/2

[Event "Corr"]
[Site "?"]
[Date "1999.02.15"]
[Round "?"]
[White "Goncalves Dr.Claudio Javier ("]
[Black "Smithers Steven A"]
[Result "0-1"]
[WhiteElo "2279"]
[BlackElo "2458"]
[PlyCount "70"]
[EventDate "1999.??.??"]
[Source "www.chesslib.no"]
[SourceDate "2004.05.04"]

1. d4 f5 2. e4 fxe4 3. Nc3 Nf6 4. f3 d5 5. fxe4 dxe4 6. Bc4 Nc6 7. Nge2 e5 8. O-O exd4 9. Nxe4 Nxe4 10. Bf7+ Ke7 11. Ng3 Nf6 12. Bb3 Qd6 13. Bg5 Kd8 14. Ne4 Qe5 15. Rxf6 Be7 16. Rxc6 bxc6 17. Bxe7+ Kxe7 18. Qd2 Re8 19. Re1 Kd8 20. c3 c5 21. Ba4 Bd7 22. Bxd7 Kxd7 23. b4 cxb4 24. cxb4 Kd8 25. a3 a5 26. Re2 axb4 27. Ng3 Qc5 28. Rxe8+ Kxe8 29. axb4 Qc3 30. Qe2+ Qe3+ 31. Qxe3+ dxe3 32. Kf1 Ra2 33. Ke1 Rxg2 34. Nf5 g6 35. Nxe3 Rxh2 0-1

[Event "Domaine de Lacroix-Laval LYON"]
[Site "?"]
[Date "2005.04.19"]
[Round "5"]
[White "Renaze Luc"]
[Black "Alonso Moyano Jonathan"]
[Result "0-1"]
[WhiteElo "2302"]
[BlackElo "2415"]
[PlyCount "90"]
[EventDate "2005.??.??"]
[Source "www.chesslib.no"]
[SourceDate "2004.05.04"]

1. d4 f5 2. e4 fxe4 3. Nc3 Nf6 4. f3 d5 5. fxe4 dxe4 6. Bg5 Bf5 7. Bc4 c6 8. Nge2 b5 9. Bb3 a5 10. a3 Qd7 11. O-O Na6 12. d5 Rd8 13. Nd4 Bg4 14. Qe1 cxd5 15. Bxf6 exf6 16. Bxd5 Bc5 17. Qxe4+ Kf8 18. Kh1 Nc7 19. Nb3 Bb6 20. Bc6 Qe6 21. Qxe6 Bxe6 22. Nxb5 Nxb5 23. Bxb5 Kf7 24. Rad1 Rc8 25. Bd3 Rhd8 26. Rde1 Bxb3 27. Bf5 Rxc2 28. Bxc2 Bxc2 29. b4 Bd3 30. Rf3 Be4 31. Rff1 Bd3 32. Rf3 Be2 33. Rc3 a4 34. h3 Bb5 35. Re4 h5 36. Rc1 Rd6 37. Rb1 h4 38. Rc1 g5 39. Rb1 Kg6 40. Rc1 Rd2 41. Ra1 Rf2 42. Rc1 Be3 43. Rc3 Re2 44. Rc7 Bd3 45. Ree7 Kh5 0-1

[Event "Suwalki op-A"]
[Site "?"]
[Date "2000.??.??"]
[Round "?"]
[White "Mironov Ilya"]
[Black "Veremeichik Vladimir"]
[Result "0-1"]
[WhiteElo "2325"]
[BlackElo "2385"]
[PlyCount "37"]
[EventDate "2000.??.??"]
[Source "www.chesslib.no"]
[SourceDate "2004.05.04"]

1. d4 f5 2. e4 fxe4 3. Nc3 Nf6 4. f3 d5 5. fxe4 dxe4 6. Bg5 Bf5 7. Bc4 Nc6 8. Nge2 e6 9. O-O Be7 10. Qd2 Ng4 11. Bxe7 Qxe7 12. Ng3 Nxd4 13. Ncxe4 O-O-O 14. Qa5 Kb8 15. Rad1 Nxc2 16. Rxd8+ Rxd8 17. Nc5 Qd6 18. Bb5 b6 19. Nxe6 0-1

[Event "Marseille"]
[Site "?"]
[Date "2005.07.01"]
[Round "8.12"]
[White "Dobrev Nanko"]
[Black "Van der Elburg Freddie"]
[Result "1-0"]
[WhiteElo "2419"]
[BlackElo "2274"]
[PlyCount "45"]
[EventDate "2005.??.??"]
[Source "www.chesslib.no"]
[SourceDate "2004.05.04"]

1. d4 f5 2. e4 fxe4 3. Nc3 Nf6 4. f3 d5 5. fxe4 dxe4 6. Bg5 Bf5 7. Nge2 e6 8. Ng3 Bb4 9. Bb5+ c6 10. Bc4 Bxc3+ 11. bxc3 Nbd7 12. O-O Qa5 13. Nxf5 exf5 14. Be6 g6 15. Rb1 b6 16. c4 h6 17. Bd2 Qa3 18. c5 bxc5 19. Rb3 Qa4 20. Bc3 Rh7 21. dxc5 Re7 22. Qd6 Nxc5 23. Rb8+ 1-0

[Event "Tournament"]
[Site "Moscow RUS"]
[Date "1990.??.??"]
[Round "5"]
[White "Kodinets, Konstantin L"]
[Black "Annakov, Babakuli"]
[Result "1-0"]
[WhiteElo "2340"]
[BlackElo "2350"]
[PlyCount "49"]
[EventDate "1990.??.??"]
[Source "www.chesslib.no"]
[SourceDate "2004.05.04"]

1. d4 f5 2. e4 fxe4 3. Nc3 Nf6 4. f3 exf3 5. Nxf3 e6 6. Bg5 Be7 7. Bd3 O-O 8. O-O Nc6 9. a3 b6 10. Qe1 Bb7 11. Qh4 g6 12. Bh6 Re8 13. Kh1 d5 14. Rae1 Bc8 15. Ne5 Nxe5 16. dxe5 Nd7 17. Qg4 Nf8 18. Re2 Qd7 19. Ref2 Bc5 20. Rf3 Bb7 21. b4 Be7 22. Rf7 a5 23. Rg7+ Kh8 24. Rff7 axb4 25. Rxh7+ 1-0

[Event "Corr"]
[Site "?"]
[Date "2001.11.01"]
[Round "?"]
[White "Borwell Alan P.(SCO)"]
[Black "Zavanelli Max E"]
[Result "0-1"]
[WhiteElo "2275"]
[BlackElo "2406"]
[PlyCount "73"]
[EventDate "2001.??.??"]
[Source "www.chesslib.no"]
[SourceDate "2004.05.04"]

1. d4 f5 2. e4 fxe4 3. Nc3 Nf6 4. f3 exf3 5. Nxf3 g6 6. Bf4 Bg7 7. Qd2 O-O 8. d5 d6 9. O-O-O c6 10. Bh6 cxd5 11. Bxg7 Kxg7 12. Nxd5 Nc6 13. h4 Bg4 14. Be2 Qa5 15. Qxa5 Nxa5 16. Ne3 Bd7 17. Nd2 Nc6 18. g4 Nd4 19. Rde1 Nxe2+ 20. Rxe2 Rf7 21. Rhe1 Rc8 22. g5 Nh5 23. Nd5 Rc5 24. Nc3 Kf8 25. Nde4 Rcf5 26. b3 Rf4 27. Rh2 Bc6 28. Kb2 R7f5 29. Nd2 Rf2 30. Re2 Rxh2 31. Rxh2 d5 32. Nd1 e5 33. Ne3 Rf4 34. c3 Ke7 35. Kc2 Ke6 36. Kd3 Ng3 37. Rh3 0-1

[Event "Budapest FS08 IM"]
[Site "Budapest"]
[Date "1994.??.??"]
[Round "8"]
[White "Vigh, Bela"]
[Black "Hetey, Laszlo"]
[Result "0-1"]
[WhiteElo "2405"]
[BlackElo "2265"]
[PlyCount "118"]
[EventDate "1994.08.??"]
[Source "www.chesslib.no"]
[SourceDate "2004.05.04"]

1. d4 f5 2. e4 fxe4 3. Nc3 Nf6 4. f3 e3 5. Bxe3 d5 6. Nge2 g6 7. Qd2 Nbd7 8. Nf4 Nb6 9. b3 c6 10. h4 Qd6 11. Nd3 Bg7 12. Be2 Nbd7 13. Bf4 Qe6 14. Bh6 Nh5 15. Bxg7 Nxg7 16. O-O-O Qf6 17. h5 Nxh5 18. g4 Ng7 19. Nf4 O-O 20. Nfxd5 cxd5 21. Nxd5 Qd6 22. Qh6 e6 23. Qxh7+ Kf7 24. Bd3 exd5 25. Rh6 Rg8 26. Bxg6+ Kf8 27. Qxg8+ Kxg8 28. Bh7+ Kh8 29. Bg6+ Kg8 30. Bh7+ Kh8 31. Rxd6 Kxh7 32. Re1 Nf8 33. Rd8 Nfe6 34. Rxd5 b6 35. Rd6 Bb7 36. d5 Nf4 37. Rh1+ Kg8 38. c4 Re8 39. Rf6 Nd3+ 40. Kd2 Nc5 41. Rfh6 Re7 42. R1h2 b5 43. g5 bxc4 44. bxc4 Re5 45. Rg2 Nf5 46. Rg6+ Kh7 47. Rf6 Ne3 48. Rg1 Nxc4+ 49. Kc3 Bxd5 50. Rg4 Nb6 51. Kd4 Ncd7 52. Rd6 Bxf3 53. Rf4 Bd5 54. a4 Bg8 55. Rg4 Kg7 56. Re4 Rxg5 57. Re7+ Bf7 58. Rxb6 Rd5+ 59. Ke4 Nc5+ 0-1

[Event "Ch Norway (team) 1998/99"]
[Site "Norway"]
[Date "1998.??.??"]
[Round "5"]
[White "Grosser Wilhelm"]
[Black "Granda Zuniga, J."]
[Result "0-1"]
[WhiteElo "2240"]
[BlackElo "2420"]
[PlyCount "38"]
[EventDate "1998.??.??"]
[Source "www.chesslib.no"]
[SourceDate "2004.05.04"]

1. d4 f5 2. e4 fxe4 3. Nc3 Nf6 4. g4 h6 5. g5 hxg5 6. Bxg5 d5 7. f3 Bf5 8. Bg2 Nc6 9. fxe4 Nxe4 10. Nxe4 dxe4 11. Ne2 Qd5 12. Qd2 O-O-O 13. c3 e3 14. Bxd5 exd2+ 15. Bxd2 Rxd5 16. c4 Rd8 17. d5 Ne5 18. Bc3 Nxc4 19. O-O-O Ne3 0-1

[Event "It Open"]
[Site "Mainz GER"]
[Date "1995.??.??"]
[Round "8"]
[White "Schlindwein, Rolf"]
[Black "Hofstetter Hans-Joachim Dr (G"]
[Result "0-1"]
[WhiteElo "2425"]
[BlackElo "2230"]
[PlyCount "40"]
[EventDate "1995.??.??"]
[Source "www.chesslib.no"]
[SourceDate "2004.05.04"]

1. d4 f5 2. e4 fxe4 3. Nc3 Nf6 4. g4 h6 5. h4 d5 6. Bh3 Nc6 7. g5 hxg5 8. hxg5 Bxh3 9. Rxh3 Rxh3 10. Nxh3 Qd7 11. Nf4 Ng4 12. Nfxd5 O-O-O 13. Bf4 Qf5 14. Ne3 Nxe3 15. Bxe3 Nxd4 16. Bxd4 e5 17. Qe2 exd4 18. Nxe4 Bb4+ 19. c3 dxc3 20. bxc3 Rd4 0-1

[Event "tt"]
[Site "?"]
[Date "1998.??.??"]
[Round "2"]
[White "Oosterom Erik"]
[Black "Klip Hans"]
[Result "0-1"]
[WhiteElo "2290"]
[BlackElo "2365"]
[PlyCount "64"]
[EventDate "1998.??.??"]
[Source "www.chesslib.no"]
[SourceDate "2004.05.04"]

1. d4 f5 2. e4 fxe4 3. Nc3 g6 4. Nxe4 d5 5. Ng5 Bg7 6. Bd3 Qd6 7. N1f3 h6 8. Nh3 Bxh3 9. gxh3 Nc6 10. Rg1 g5 11. h4 O-O-O 12. hxg5 e5 13. gxh6 Bxh6 14. Rg6 Qe7 15. Bxh6 Rxh6 16. Rxh6 Nxh6 17. dxe5 Rf8 18. Qe2 Qb4+ 19. c3 Qf4 20. Nd2 Ng4 21. O-O-O Ncxe5 22. Bc2 Rh8 23. Kb1 Rxh2 24. Nb3 Rxf2 25. Qb5 c6 26. Qc5 Rxc2 27. Kxc2 Ne3+ 28. Kc1 Nxd1+ 29. Kxd1 Qf1+ 30. Kc2 Qe2+ 31. Kb1 Qd1+ 32. Nc1 Qxc1+ 0-1